| 000 | 00748nam a2200193 u 4500 | ||
|---|---|---|---|
| 001 | 000386302 | ||
| 003 | AM-YeHGA | ||
| 005 | 20250617132215.0 | ||
| 008 | 041123s1982 ||| r 000 0 rus d | ||
| 040 | _aAM-YeHGA | ||
| 041 | 0 | _arus | |
| 100 | 1 | _aУсюкин, Иван Петрович. | |
| 245 | 1 | 0 |
_aУстановки, машины и аппараты криогенной техники / _cИ.П. Усюкин. |
| 260 |
_aМосква : _bЛёгкая промышленность. |
||
| 300 |
_aч. : _bрис., табл. |
||
| 505 | 1 | 0 |
_gЧ. I (1976; 345 с., библиогр.: с. 332 -338.) _gЧ. II (1982, 296 с., Библиогр. с. 288 - 292.) |
| 650 | 1 | 4 | _aМашины криогенной техники |
| 090 | _c148422 | ||
| 999 |
_c147035 _d147035 |
||